000 00818cab a2200229 4500
001 ABS42287
008 090401t1990 xxu||||| |||| 00| 0 eng d
035 _a(Sirsi) u35991
041 _aeng
100 _aDacey, M.
245 _aSolid walls meet new regs
260 _c1990
350 _a0
490 _aBuilding Today
_v199(5848) 22 March 1990, 34-35(2)
520 _aCalls for wider acceptance of the method used for solid wall construction as opposed to the more traditional method of cavity wall construction. Highlights some of the problems which occur with cavity walls, and explains how solid walls could solve most of these.
650 _aTHERMAL INSULATION
650 _aU VALUES
650 _aWALL TIES
690 _aBUILT ENVIRONMENT-CONSTRUCTION DESIGN
942 _n0
948 _c04/03/1997
999 _c23511
_d23511